|
|
|
|
| LEADER |
00795ncm a22002292a 4500 |
| 001 |
000588050 |
| 003 |
CZ BrMZK |
| 005 |
20101125131129.0 |
| 007 |
qu |
| 008 |
020221s1937 xr f cze d |
| 040 |
|
|
|a BOA001
|b cze
|c BOA001
|
| 072 |
|
7 |
|a 784
|x Vokální hudba
|2 Konspekt
|9 9
|
| 100 |
1 |
|
|a Navara, František,
|d 1912-1989
|7 jk01082728
|4 cmp
|
| 245 |
1 |
0 |
|a Sejdem se u svaté Trojice
|h [hudebnina] :
|b valčík /
|c František Navara ; slova Mojmír Hanuš
|
| 260 |
|
|
|a Holice u Olomouce :
|b F. Navara,
|c 1937
|
| 300 |
|
|
|a 1 sv. (nestránkován)
|
| 500 |
|
|
|a Zpěv
|
| 700 |
1 |
|
|a Hanuš, Mojmír,
|d 1913-2008
|7 jk01033491
|4 lyr
|
| 910 |
|
|
|a BOA001
|b Mus1-0590.320
|
| 990 |
|
|
|a MU
|
| 991 |
|
|
|b 200911
|
| 996 |
6 |
|
|b 2619728394
|c Mus1-0590.320
|l MZK
|r Sklad / do 1 hodiny
|n 1
|w 000588050
|u 000010
|a 1
|e BOA001
|j MZK50
|s P
|